000 01325nam a2200277 i 4500
003 CSPC
005 20241007171204.0
008 241003s2020 onca b 001 0 eng d
020 _a9781774635155
040 _cCSPC
_aCSPC
_beng
_erda
050 4 _aTK1001
_b.Q36 2020
082 4 _a621.31
_bQ11p
_223
100 1 _aQamber, Isa S.,
_eauthor.
245 1 0 _aPower systems control and reliability :
_belectric power design and enhancement /
_cIsa S. Qamber.
264 1 _aBurlington, Ontario :
_bApple Academic Press Inc.,
_c2020.
300 _axii, 280 pages :
_billustrations ;
_c23 cm.
336 _atext
_2rdacontent
337 _aunmediated
_2rdamedia
338 _avolume
_2rdacarrier
504 _aIncludes bibliographical references and index.
505 0 _aIntroduction and literature review -- Power system control -- Economic dispatch -- Overview of power system reliability -- Power systems reliability -- Generating systems reliability indices -- Building power plant -- Transient probabilities solution -- Load forecasting -- Power systems reliability applications.
650 0 _aElectric power systems.
650 0 _aReliability (Engineering).
942 _2ddc
_n0
_cBK
_h621.31
_iQ11p
_kGRD
_m2020
_e23
999 _c28275
_d28275